000 01090cam a22003014a 4500
001 12740957
003 OSt
005 20150408113722.0
008 020415s2003 maua 001 0 eng
010 _a 2002069238
020 _a0072451963 (alk. paper)
020 _a007115146X (international : alk. paper)
040 _aDLC
_cDLC
_dDLC
042 _apcc
050 0 0 _aQA76.73.B3
_bB87 2003
082 0 0 _a005.2762
_221
100 1 _aBurrows, William E.
_94946
245 1 0 _aLearning programming using Visual Basic .NET /
_cWilliam E. Burrows, Joseph D. Langford.
260 _aBoston :
_bMcGraw-Hill Irwin,
_cc2003.
300 _axvi, 592 p. :
_bcol. ill. ;
_c28 cm. +
_e1 CD-ROM (4 3/4 in.)
500 _aIncludes index.
630 0 0 _aMicrosoft Visual BASIC.
_94045
650 0 _aBASIC (Computer program language)
_94046
650 0 _aMicrosoft .NET.
700 1 _aLangford, Joseph D.
_94947
942 _2ddc
_cBOOK
999 _c655
_d235155